| 000 | 00472nam a2200169Ia 4500 | ||
|---|---|---|---|
| 008 | 230711s9999||||xx |||||||||||||| ||und|| | ||
| 020 | _a978-0-12-420084-5 | ||
| 041 | _aENG | ||
| 082 |
_a664.07 _bJH-R |
||
| 100 | _aJha, Shyam Narayan | ||
| 245 | 0 | _aRapid Detection of Food Adulterants and Contaminants:- Theory and Practice | |
| 250 | _a1st Ed. | ||
| 260 |
_c2013 _aAmsterdam _bAcademic Press |
||
| 300 | _a266p. | ||
| 650 | _aFood Science and Technology | ||
| 942 | _cBK | ||
| 999 |
_c7505 _d7505 |
||